Responses for Show #5402 - Tuesday, February 19, 2008

2008-A Teen Tournament semifinal game 2.

Contestants

[<< previous game]

Katie Gill, a sophomore from Jackson, Mississippi

Hunter Brown, a senior from Wheaton, Illinois

Zia Choudhury, a senior from Paducah, Kentucky

[next game >>]

Jeopardy! Round responses

AUSTRALIAN HISTORY
WINTER SPORTS & GAMES
THEY'RE OUR GODS
WORLD FLAGS
FICTION
AN ABBREV. CATEG.
    $200 14
gold

Hunter
    $200 25
a snowball fight

Hunter
    $200 8
the Greeks

Katie
    $200 1
Islam

Hunter
    $200 2
The Outsiders

Katie
    $200 26
postscript

Hunter
    $400 17
(Katie: What is beer?)

rum

HunterKatie
    $400 24
cross-country

Katie
    $400 9
the Romans

Katie
    $400 4
(Zia: What is Great Britain?)
(Hunter: What is England?)

the United Kingdom

ZiaHunterKatie
    $400 3
Eragon

Zia
    $400 27
Lyndon Baines Johnson

Katie
    $600 19
[Alex pronounces the "K." as "Kenyon".]

by plane

Hunter
    $600 18
gates

Zia
    $600 10
the Egyptians

Katie
    $600 13
Israel

Katie
    $600 5
(Zia: What's a rat?)

a (lab) mouse

ZiaKatie
    $600 28
Missouri

Katie
    $800 20
the British Commonwealth

Hunter
    $800 22
snowshoes

Zia
    $800 11
the Norse

Hunter
    $800 15
the Communist Party

Zia
    $800 6
Brave New World

Zia
    $800 29
the American Medical Association

Hunter
    $1000 21
Botany Bay

Zia
    $1000 23
a skeleton

Hunter
    $1000 12
(Hunter: Who are the Aztecs?)

the Mayans

ZiaHunter
    $2,000 16
the Lone Star

Zia
    $1000 7
Life of Pi

Hunter
    $1000 30
Florida State University

Zia

Scores at the first commercial break (after clue 15):

Zia Hunter Katie
$2,000 $800 $3,000

Scores at the end of the Jeopardy! Round:

Zia Hunter Katie
$7,400 $4,800 $4,000

Double Jeopardy! Round responses

I'M GIDDY FOR GADGETS
CLASSICAL MUSIC
THE LARGEST IN AREA
HOLIDAYS & OBSERVANCES
REALLY OLD MOVIES
NOT ONE, NOT 2, BUT 3 Os
    $400 26
(Hunter: What is Bluetooth?)

Wi-Fi

Hunter
Triple Stumper
    $400 1
minor

Zia
    $400 6
(Hunter: What is the Philippines?)

Indonesia

ZiaHunter
    $400 25
All Hallow's Eve (Halloween)

Zia
    $400 11
skateboarding

Hunter
    $400 16
a locomotive

Zia
    $800 27
Nike

Hunter
    $800 3
organ

Katie
    $800 8
India

Hunter
    $800 24
March

Hunter
    $800 12
(Hunter: What is Close Encounters of the Third Kind?)
[Hunter's response was originally ruled incorrect. Before the next Daily Double, Alex noted that the clue did not include a year as the writers had intended, so the judges awarded Hunter the money.]

E.T.

HunterKatie
    $800 17
a footnote

Katie
    $1200 28
(Zia: What's gradation?)

gray scale

ZiaHunter
    $1200 4
piano

Hunter
    $1200 9
France

Hunter
    $2,000 23
Mother's Day

Katie
    $1200 13
The Goonies

Zia
    $1200 18
bloodshot

Zia
    $1600 29
Microsoft

Hunter
    $1600 2
Beethoven

Zia
    $1600 7
Saudi Arabia

Zia
    $1600 21
Twelfth Night

Hunter
    $1600 14
Starfighter

Katie
    $1600 19
proportion

Zia
    $2000 30
flash memory

Hunter
    $2000 5
Ravel

Zia
    $2000 10
Algeria

Zia
    $2000 22
(Lord) Baden-Powell

Katie
    $2000 15
Taps

Zia
    $6,800 20
a chromosome

Zia

Scores at the end of the Double Jeopardy! Round:

Zia Hunter Katie
$27,800 $16,400 $12,000

[wagering suggestions for these scores]

Final Jeopardy! Round responses

STATE CAPITALS
(Alex: The other city, [*], the capital of Indiana.)
KatieWhat is Anapolis?
$2,000
HunterWhat is Sacramento?
$16,400
ZiaWhat is Annapolis, Maryland?
$5,001
(1 of) Annapolis or Indianapolis

Final scores:

Zia Hunter Katie
$32,801 $0 $14,000
Finalist 3rd place: $10,000 2nd place: $10,000

Game dynamics:

Coryat scores:

Zia Hunter Katie
$22,000 $16,400 $11,200
22 R
(including 2 DDs),
3 W
22 R,
4 W
16 R
(including 1 DD),
1 W

Combined Coryat: $49,600

[game clues] [game scores] [suggest correction]

Game tape date: 2008-01-15
The J! Archive is created by fans, for fans. Scraping, republication, monetization, and malicious use prohibited; this site may use cookies and collect identifying information. See terms. The Jeopardy! game show and all elements thereof, including but not limited to copyright and trademark thereto, are the property of Jeopardy Productions, Inc. and are protected under law. This website is not affiliated with, sponsored by, or operated by Jeopardy Productions, Inc. Join the discussion at JBoard.tv.